|
|
|
|
| LEADER |
00000nab a2200000 a 4500 |
| 001 |
vtls008624907 |
| 003 |
SK-MaSNL |
| 005 |
20260304013403.0 |
| 008 |
160401c200503 xo r p 000 00slo |
| 015 |
|
|
|a SNBRB2006/02SVKPO
|
| 038 |
|
|
|a SVKPOCL
|
| 040 |
|
|
|a SVKPOCL
|b slo
|c AACR2
|e AACR2
|
| 041 |
|
|
|a slo
|
| 044 |
|
|
|a xo
|c SK
|
| 080 |
|
|
|a 78.079:782/785
|2 1997
|
| 080 |
|
|
|a 782/785
|2 1997
|
| 100 |
1 |
|
|a Kočišová, Renáta
|4 aut
|9 428702
|
| 245 |
1 |
0 |
|a Musica historica na festivale zabudnutej hudby
|c Renáta Kočišová
|
| 610 |
2 |
7 |
|a Musica Historica (hudobná skupina)
|2 svkpocl
|9 163089
|
| 611 |
2 |
7 |
|a Medzinárodný festival zabudnutej hudby
|n (12. :
|d 2005 :
|c Tarnov, Poľsko)
|2 svkpocl
|9 1294317
|
| 650 |
0 |
7 |
|a vážna hudba
|2 svkpocl
|9 3218
|
| 651 |
|
7 |
|a Tarnov (Poľsko)
|2 svkpocl
|9 175350
|
| 651 |
|
7 |
|a Prešov (Slovensko)
|2 svkpocl
|9 17347
|
| 773 |
0 |
|
|t Prešovská univerzita
|g Roč. IX, č. 3 (2005), s. 20
|
| 852 |
|
|
|a SVKPO
|b KIS3GCP
|
| 958 |
|
|
|a PL
|
| 999 |
|
|
|c 2575625
|d 2577555
|